Desde el portal 12, -- 1951/2009 : (Record no. 193563)

MARC details
000 -LEADER
campo de control de longitud fija 01625cam a2200373 i 4500
001 - NÚMERO DE CONTROL
campo de control 193563
003 - IDENTIFICADOR DE NÚMERO DE CONTROL
campo de control SpMaBN
005 - FECHA Y HORA DE LA ÚLTIMA TRANSACCIÓN
campo de control 20240831150303.0
007 - CAMPO FIJO DE DESCRIPCIÓN FÍSICA--INFORMACIÓN GENERAL
campo de control de longitud fija ta
008 - DATOS DE LONGITUD FIJA--INFORMACIÓN GENERAL
campo de control de longitud fija 080626s2009 sp a | ||||o000 0 spa
017 ## - NÚMERO DE COPYRIGHT O DE DEPÓSITO LEGAL
Número de copyright o de depósito legal CA 478-2009
Agencia que asigna Oficina Depósito Legal Cádiz
020 ## - NÚMERO INTERNACIONAL ESTÁNDAR DEL LIBRO
Número Internacional Estándar del Libro 9788496838307
020 ## - NÚMERO INTERNACIONAL ESTÁNDAR DEL LIBRO
Número Internacional Estándar del Libro 8496838307
035 ## - NÚMERO DE CONTROL DEL SISTEMA
Número de control de sistema (OCoLC)733656484
040 ## - FUENTE DE CATALOGACIÓN
Centro catalogador/agencia de origen SpMaBN
Lengua de catalogación spa
Centro/agencia transcriptor SpMaBN
Normas de descripción rdc
080 ## - NÚMERO DE LA CLASIFICACIÓN DECIMAL UNIVERSAL
Número de la Clasificación Decimal Universal 75 González-Glez., Luis Gonzalo (083.824)
080 ## - NÚMERO DE LA CLASIFICACIÓN DECIMAL UNIVERSAL
Número de la Clasificación Decimal Universal 74 González-Glez., Luis Gonzalo (083.824)
100 1# - ENTRADA PRINCIPAL--NOMBRE DE PERSONA
Nombre de persona González-Glez., Luis Gonzalo,
Fechas asociadas al nombre 1947-2022
Número de control del registro de autoridad o número normalizado XX922057
Término indicativo de función/relación Autor
9 (RLIN) 234870
245 10 - MENCIÓN DEL TÍTULO
Título Desde el portal 12, -- 1951/2009 :
Resto del título [exposición] del 15 de septiembre al 7 de noviembre, Palacio de Villavicencio, Alcázar de Jerez /
Mención de responsabilidad, etc. [Luis Gonzalo]
260 ## - PUBLICACIÓN, DISTRIBUCIÓN, ETC.
Lugar de publicación, distribución, etc. Jerez [de la Frontera] :
Nombre del editor, distribuidor, etc. Servicio de Publicaciones, Ayuntamiento de Jerez,
Fecha de publicación, distribución, etc. 2009
300 ## - DESCRIPCIÓN FÍSICA
Extensión [44] páginas :
Otras características físicas principalmente ilustraciones (color y negro),
Dimensiones 27 cm
336 ## - TIPO DE CONTENIDO
Fuente rdacontent
Término de tipo de contenido Texto
337 ## - TIPO DE MEDIO
Fuente rdamedia
Nombre/término del tipo de medio sin mediación
338 ## - TIPO DE SOPORTE
Fuente rdacarrier
Nombre/término del tipo de soporte volumen
600 10 - PUNTO DE ACCESO ADICIONAL DE MATERIA--NOMBRE DE PERSONA
Nombre de persona González-Glez., Luis Gonzalo,
Fechas asociadas al nombre 1947-2022-
Subdivisión de forma Exposiciones
Fuente del encabezamiento o término embne
9 (RLIN) 234871
655 #7 - TERMINO DE INDIZACIÓN--GENERO/FORMA
9 (RLIN) 193628
Datos o término principal de género/forma Catálogos de exposiciones
710 1# - ENTRADA AGREGADA--NOMBRE DE ENTIDAD CORPORATIVA
Nombre de entidad corporativa o nombre de jurisdicción como elemento de entrada Jerez de la Frontera.
Unidad subordinada Ayuntamiento
9 (RLIN) 5345
852 ## - LOCALIZACIÓN
Ubicación ES-MaACL
Sublocalización o colección R. 154920
Ubicación en estantería Depósito J
Número de control de estantería N-9574
Donativo/Legado Donación: Editorial
itemnumber 201027
Encuadernación Encuadernación rústica con solapas
942 ## - ELEMENTOS DE ENTRADA SECUNDARIOS (KOHA)
Suprimir en OPAC No
Tipo de ítem Koha Libro impreso
Holdings
Estatus retirado Estado de pérdida Fuente del sistema de clasificación o colocación Estado de daño No para préstamo Biblioteca de origen Biblioteca actual Ubicación en estantería Fecha de adquisición Fuente de adquisición Total de préstamos Signatura topográfica completa Código de barras Visto por última vez Tipo de ítem Koha
    Clasificación decimal universal     Biblioteca del Ateneo de Madrid Biblioteca del Ateneo de Madrid Depósito J 15/01/2024 Donación   N-9574 101206303 15/01/2024 Libro impreso